0ffice Procedures, (Record no. 5803)

MARC details
005 - DATE AND TIME OF LATEST TRANSACTION
control field 20250628054904.0
082 ## - DEWEY DECIMAL CLASSIFICATION NUMBER
Classification number 651.3REI.
100 ## - MAIN ENTRY--PERSONAL NAME
Author name REID, G. A.
245 ## - TITLE STATEMENT
Title 0ffice Procedures,
250 ## - EDITION STATEMENT
Edition statement 4th Ed.
260 ## - PUBLICATION, DISTRIBUTION, ETC.
Place of publication, distribution, etc. Ottawa,
Name of publisher, distributor, etc. Hunter Rose Company, Toronto,
Date of publication, distribution, etc. 1969.
300 ## - PHYSICAL DESCRIPTION
Extent viii.; 536p.; Ill.; picture,
Other physical details Glossary,
Dimensions 25cm.
942 ## - ADDED ENTRY ELEMENTS (KOHA)
Source of classification or shelving scheme Dewey Decimal Classification
Koha item type Books
Holdings
Date last seen Total checkouts Full call number Barcode Cost, replacement price Price effective from Koha item type Lost status Source of classification or shelving scheme Damaged status Not for loan Withdrawn status Home library Current library Shelving location Date acquired Cost, normal purchase price
06/28/2025   651.3REI DOM0003512 120000.00 06/28/2025 Books   Dewey Decimal Classification       CBE Dodoma CBE Dodoma General Collection 03/02/1988 40000.00